Solventnosť II - nové trendy riadenia akciového rizika v poisťovniach
Charakterizácia novej smernice Solventnosť II, najmä spôsobu výpočtu jej kapitálových požiadaviek. Osobitná pozornosť sa venuje sub-modulu akciového rizika a mechanizmu symetrickej úpravy.
Uložené v:
| Hlavný autor: | |
|---|---|
| Ďalší autori: | |
| Médium: | Kapitola |
| Jazyk: | Slovak |
| Predmet: | |
| Tagy: |
Žiadne tagy, Buďte prvý, kto otaguje tento záznam!
|
MARC
| LEADER | 00000nla a2200000 4500 | ||
|---|---|---|---|
| 001 | 0224708 | ||
| 005 | 20240502073659.8 | ||
| 041 | 0 | |a slo | |
| 044 | |a SK | ||
| 245 | 1 | 0 | |a Solventnosť II - nové trendy riadenia akciového rizika v poisťovniach |c Anna Majtánová, Patrik Marcinech |
| 520 | |a Charakterizácia novej smernice Solventnosť II, najmä spôsobu výpočtu jej kapitálových požiadaviek. Osobitná pozornosť sa venuje sub-modulu akciového rizika a mechanizmu symetrickej úpravy. | ||
| 610 | 2 | 0 | |a trh poistný |
| 610 | 2 | 0 | |a smernice |
| 610 | 2 | 0 | |a riziko |
| 610 | 2 | 0 | |a akcie |
| 610 | 2 | 0 | |a riadenie rizík |
| 610 | 2 | 0 | |a poisťovne |
| 610 | 2 | 0 | |a Európska únia |
| 610 | 2 | 0 | |a globalizácia |
| 100 | 1 | |a Majtánová, Anna | |
| 700 | 1 | |a Marcinech, Patrik | |